000 00605nam a22002057a 4500
003 OSt
005 20260302085313.0
008 260204b |||||||| |||| 00| 0 eng d
020 _a978-184543-268-3
040 _aDWCL-Main Lib
_cOC
082 _aGR.641.86 D475 2008
110 _aMCRAE BOOKS
_eCorporate Author
245 _aDesserts : 250 recipes for every occasion /
260 _aLondon :
_bApple Press,
_cc2008
300 _a288 p. :
_bChiefly col. ;
_c26 cm.
504 _a1. Includes index.
650 _aDesserts
650 _aDesserts - recipes - all occasions.
942 _2ddc
_cGR
_mGR.
_n0
999 _c8265
_d8265